00233nam a2200097Ia 4500008004000000082001600040100002000056245002000076260003100096300000800127210210b1960 xxu||||| |||| 00| 0 eng d a917.04 SLOR aSLOANES (Eric). aReturn to Taos. aN YbFunk & Wagnallsc1960 a120